Geography - G - Statistics

General Stats
  • This quiz has been taken 42 times
  • The average score is 6 of 15
Answer Stats
Hint Answer % Correct
Country in Central America. Guatemala
90%
Major city in central Mexico. Guadalajara
85%
Its capital is Georgetown. Guyana
82%
Andalusian emirate which fell in 1492. Granada
64%
The gulf which Cameroon borders. Guinea
64%
India's smallest state by area and a long-lived colony of Portugal. Goa
59%
Caribbean island still under the control of France. Guadeloupe
49%
Ecuador's largest city. Guayaquil
49%
Polish city to Gdańsk's immediate north. Gdynia
21%
Major city in Pakistan's Punjab province. Gujranwala
18%
Chinese province to Guangdong's west. Guangxi
10%
Korean kingdom which preceded Joseon, lasting from 918 until 1392. Goryeo
8%
Derived from 'Jabal Tariq', named for the Umayyad general who started the Muslim conquest of the Visigothic kingdom. Gibraltar
5%
The province whose capital is the above answer. Golestan
0%
Major city in northeastern Iran, nearly touches the Caspian Sea. Gorgan
0%
No matching quizzes found
Score Distribution
Percent of People with Each Score
Percentile by Number Answered
Your Score History
You have not taken this quiz